000 00257 a2200097 4500
001 27575
100 _aCroxton, C.A
245 _aLiquid state physics a statistical mech. introduction
260 _a
_bCambridge university press
_c1974
090 _c18362
_d18362
942 _aNUST-CAE
_cM
_c9294
999 _c262648
_d262648